| 000 | 00455nam a2200181Ia 4500 | ||
|---|---|---|---|
| 008 | 151202s9999||||xx |||||||||||||| ||und|| | ||
| 082 | _bPNVM-2786 | ||
| 100 | _aSMITH HOWARD K. | ||
| 245 | _aLAST TRAIN FROM BERLIN. | ||
| 260 | _b"ALFRED KUOPT, NEWYORK." | ||
| 260 | _c1943 | ||
| 300 | _a0 | ||
| 600 | _aSMITH HOWARD K. | ||
| 630 | _aLAST TRAIN FROM BERLIN. | ||
| 700 | _aSMITH HOWARD K. | ||
| 730 | _aLAST TRAIN FROM BERLIN. | ||
| 942 | _cBOOK | ||
| 999 |
_c1268784 _d1268781 |
||